[Event "OBEM 2016"]
[Site "Germany , Bremen"]
[Date "2016.03.19"]
[Round "1.33"]
[White "Krueger, Gerhard"]
[Black "Kuenitz, Bernhard"]
[Result "0-1"]
[WhiteElo "1367"]
[BlackElo "1877"]
[PlyCount "54"]

1. e4 e6 2. d4 d5 3. Nc3 Ne7 4. Nf3 Ng6 5. Bb5+ c6 6. Bd3 Be7 7. O-O Nd7 8. Be3
O-O 9. Qd2 dxe4 10. Nxe4 Nb6 11. Nc3 Nd5 12. Nxd5 exd5 13. Bg5 Bxg5 14. Nxg5
Qf6 15. c3 h6 16. Nf3 Nf4 17. Rfe1 Bg4 18. Ne5 Qg5 19. Nxg4 Nh3+ 20. gxh3 Qxd2
21. Red1 Qg5 22. Kf1 Rfe8 23. Ne5 Re7 24. Re1 Rae8 25. Nf3 Rxe1+ 26. Rxe1 Rxe1+
27. Nxe1 Qc1 0-1

[Event "OBEM 2016"]
[Site "Germany , Bremen"]
[Date "2016.03.19"]
[Round "1.34"]
[White "Dietrich, Igor"]
[Black "Zijlstra, Berend"]
[Result "1-0"]
[WhiteElo "1865"]
[BlackElo "1300"]
[PlyCount "63"]

1. e4 e5 2. Nf3 Nc6 3. d4 exd4 4. c3 d6 5. Bc4 Be6 6. Bxe6 fxe6 7. Qb3 Qc8 8.
cxd4 Nf6 9. Nc3 Be7 10. d5 Nd8 11. O-O e5 12. Bg5 a6 13. Rac1 b5 14. Rfe1 Rb8
15. Re2 Nb7 16. Be3 Na5 17. Qb4 Nc4 18. a3 Nxe3 19. Rxe3 O-O 20. Qb3 Kh8 21.
Ng5 Ng4 22. Ne6 Nxe3 23. fxe3 Rf6 24. Ne2 Bd8 25. Qc3 Rxe6 26. dxe6 Qxe6 27.
Qc6 Rb6 28. Qa8 Qd7 29. Ng3 g6 30. Rf1 Kg7 31. h4 Bxh4 32. Qf8# 1-0

[Event "OBEM 2016"]
[Site "Germany , Bremen"]
[Date "2016.03.19"]
[Round "1.35"]
[White "Rast, Matthias"]
[Black "Bergmann, Reinholt"]
[Result "0-1"]
[WhiteElo "1213"]
[BlackElo "1860"]
[PlyCount "58"]

1. c4 b6 2. Nc3 Bb7 3. e4 e5 4. g3 Nf6 5. Bg2 c5 6. d3 Be7 7. Nge2 Nc6 8. Be3
O-O 9. h3 Nd4 10. O-O d6 11. f4 Bc8 12. Kh2 Bd7 13. Ng1 Rc8 14. Rc1 Rc7 15. Rf2
exf4 16. Rxf4 g5 17. Rf2 g4 18. Nce2 gxh3 19. Bxh3 Bxh3 20. Nxh3 Ng4+ 21. Kg1
Nxe3 22. Qd2 Ng4 23. Rff1 Bf6 24. Nef4 Ne5 25. Kg2 Bg5 26. Qd1 f6 27. Qh5 Rg7
28. Rcd1 Qc8 29. Nf2 Bxf4 0-1

[Event "OBEM 2016"]
[Site "Germany , Bremen"]
[Date "2016.03.19"]
[Round "1.36"]
[White "Gebur, Thomas"]
[Black "Borbely, Kurt"]
[Result "1-0"]
[WhiteElo "1859"]
[BlackElo "1054"]
[PlyCount "41"]

1. e4 c6 2. d4 e6 3. Nf3 d5 4. exd5 cxd5 5. Bd3 Bd6 6. O-O h6 7. Re1 Nf6 8. c3
Nc6 9. Nbd2 Qc7 10. Nf1 e5 11. dxe5 Nxe5 12. Nxe5 Bxe5 13. Bf4 Nd7 14. Bxe5
Nxe5 15. f4 Qb6+ 16. Kh1 O-O 17. fxe5 Re8 18. Qb3 Qd8 19. Rad1 b6 20. Bb5 Bd7
21. Rxd5 1-0

[Event "OBEM 2016"]
[Site "Germany , Bremen"]
[Date "2016.03.19"]
[Round "1.37"]
[White "Schubert, Karl Heinz"]
[Black "Boehm, Karl"]
[Result "0-1"]
[WhiteElo "1027"]
[BlackElo "1852"]
[PlyCount "76"]

1. e4 c5 2. b3 e6 3. Bb2 Nf6 4. d3 d6 5. Nf3 Nc6 6. Nbd2 a6 7. Nc4 Be7 8. h3
O-O 9. Be2 b5 10. Ne3 Bb7 11. Ng4 Nxg4 12. hxg4 e5 13. Qd2 Nd4 14. O-O-O Nxf3
15. gxf3 Bg5 16. f4 Bxf4 17. Qxf4 exf4 18. Rh3 Qg5 19. Rh5 Qg6 20. Rdh1 Rad8
21. g5 d5 22. Bg4 Bc8 23. Bf3 d4 24. e5 Bf5 25. Kb1 Rfe8 26. Bc1 Rxe5 27. Bxf4
Re7 28. R5h4 Rde8 29. R1h2 Bxd3 30. Bd1 Bf5 31. Kb2 Re1 32. Bh5 Qe6 33. Bd2 Rg1
34. f4 Qe4 35. Bc1 d3 36. cxd3 Qxd3 37. Rd2 Qb1+ 38. Ka3 Qxc1+ 0-1

[Event "OBEM 2016"]
[Site "Germany , Bremen"]
[Date "2016.03.19"]
[Round "1.38"]
[White "Klemm, Robert"]
[Black "Frankenberg, Lea-Marie"]
[Result "1-0"]
[WhiteElo "1852"]
[BlackElo "1000"]
[PlyCount "65"]

1. d4 d5 2. Nf3 Nc6 3. g3 Nf6 4. Bg2 e6 5. O-O Bd6 6. c4 O-O 7. Nc3 dxc4 8. Qa4
Bd7 9. Qxc4 Na5 10. Qd3 Ng4 11. e4 Nc6 12. h3 Nb4 13. Qe2 Nf6 14. e5 Be7 15.
exf6 Bxf6 16. Bf4 Qc8 17. Ne4 Be7 18. a3 Nc6 19. b4 a6 20. Qd3 b5 21. Neg5 Bxg5
22. Nxg5 g6 23. Rac1 a5 24. Bxc6 Ra6 25. Bxd7 Qxd7 26. Rxc7 Qd5 27. Rc5 Qa2 28.
Qxb5 Raa8 29. Qd7 Rad8 30. Qe7 Rxd4 31. Be5 Rdd8 32. Qf6 Qxa3 33. Qg7# 1-0

[Event "OBEM 2016"]
[Site "Germany , Bremen"]
[Date "2016.03.20"]
[Round "2.1"]
[White "Jugelt, Tobias"]
[Black "Meyer, Thorsten"]
[Result "1-0"]
[WhiteElo "2427"]
[BlackElo "1982"]
[PlyCount "55"]

1. d4 Nf6 2. c4 d6 3. g3 g6 4. Bg2 Bg7 5. Nc3 O-O 6. h3 c6 7. Be3 Nbd7 8. Nf3
Re8 9. d5 c5 10. O-O h6 11. Qd2 g5 12. b3 Nf8 13. Rac1 Bd7 14. Kh2 Ng6 15. Ng1
Nh7 16. f4 Bxc3 17. Rxc3 f6 18. Qc2 Nhf8 19. Be4 Kg7 20. Bd2 b5 21. Rcf3 gxf4
22. gxf4 Qc8 23. Rg3 f5 24. Bf3 Rb8 25. Bc3+ Kh7 26. h4 e5 27. dxe6 Nxe6 28.
Qxf5 1-0

[Event "OBEM 2016"]
[Site "Germany , Bremen"]
[Date "2016.03.20"]
[Round "2.2"]
[White "Meyer, Irmin"]
[Black "Margraf, Daniel"]
[Result "1/2-1/2"]
[WhiteElo "1993"]
[BlackElo "2219"]
[PlyCount "159"]

1. e4 e5 2. Nf3 Nc6 3. Bb5 a6 4. Ba4 Nf6 5. O-O Be7 6. Re1 b5 7. Bb3 d6 8. c3
O-O 9. a4 Bg4 10. h3 Bh5 11. d3 Na5 12. Ba2 c5 13. Be3 Qd7 14. axb5 axb5 15.
Nbd2 Rfb8 16. g4 Bg6 17. g5 Nh5 18. Bd5 Nc6 19. Rxa8 Rxa8 20. Nh4 Rc8 21. Qf3
Nd8 22. Ra1 Ne6 23. Nxg6 hxg6 24. Qg4 Rd8 25. Kh2 Nhf4 26. Bxf4 Nxf4 27. Qxd7
Rxd7 28. Bc6 Rc7 29. Bxb5 Rb7 30. Ra5 Bxg5 31. Nc4 Be7 32. Ra8+ Kh7 33. Na3 Bh4
34. Ra6 Bxf2 35. Rxd6 Be3 36. Rc6 Ne6 37. c4 Bc1 38. Nc2 Bxb2 39. Ne3 Bd4 40.
Nd5 Nf4 41. Nxf4 exf4 42. Kg2 Ra7 43. Ra6 Re7 44. Kf3 Be3 45. Bc6 Re5 46. Ra2
Rh5 47. Rh2 Rh4 48. Bd7 Kh6 49. Be8 f6 50. Bd7 g5 51. Rh1 g6 52. Kg2 Kg7 53.
Ra1 Rh8 54. Bc6 Rb8 55. Ra7+ Kh6 56. Rb7 Rd8 57. Bd5 Bd4 58. Kf3 Rd6 59. Ra7
Rb6 60. Rb7 Rxb7 61. Bxb7 Kg7 62. Bc8 Kf7 63. Bg4 Ke7 64. Bc8 Kd6 65. Kg4 Be3
66. Kf3 Ke5 67. Bb7 Kd4 68. Ke2 f3+ 69. Kxf3 Kxd3 70. Bd5 Bf4 71. Be6 Be5 72.
Bd5 Bc3 73. Be6 Be1 74. Bd5 Kd4 75. Be6 Ke5 76. Bg4 Kd4 77. Be6 f5 78. exf5
gxf5 79. Bf7 Ba5 80. Bd5 1/2-1/2

[Event "OBEM 2016"]
[Site "Germany , Bremen"]
[Date "2016.03.20"]
[Round "2.3"]
[White "Issing, Peter"]
[Black "Erofeev, Anastasia"]
[Result "1-0"]
[WhiteElo "2199"]
[BlackElo "1947"]
[PlyCount "75"]

1. d4 d5 2. c4 c6 3. Nf3 Nf6 4. e3 e6 5. Nbd2 Bd6 6. Bd3 Nbd7 7. O-O O-O 8. Qc2
h6 9. h3 Re8 10. e4 dxe4 11. Nxe4 Nxe4 12. Bxe4 Nf6 13. Bd3 Qc7 14. Bd2 b6 15.
Bc3 Bb7 16. c5 Be7 17. b4 Nd5 18. Bd2 Bf6 19. Rfe1 Qc8 20. Rac1 a5 21. bxa5
bxa5 22. a3 Qc7 23. Bc4 Ne7 24. Ba2 Nf5 25. Bc3 Ne7 26. Bb1 g6 27. Ne5 Bxe5 28.
dxe5 Red8 29. Qe4 Rd5 30. Qf4 Kg7 31. Bd2 Ng8 32. Be4 Rd7 33. Bc3 Ba6 34. Qf3
Ne7 35. Red1 Rad8 36. Rd6 Bb5 37. Qf6+ Kg8 38. Bd2 1-0

[Event "OBEM 2016"]
[Site "Germany , Bremen"]
[Date "2016.03.20"]
[Round "2.4"]
[White "Pienski, Olaf"]
[Black "Jung, Gerald"]
[Result "1-0"]
[WhiteElo "2167"]
[BlackElo "1929"]
[PlyCount "87"]

1. e4 c5 2. Nf3 d6 3. d4 cxd4 4. Nxd4 Nf6 5. Nc3 a6 6. g3 e6 7. Bg2 Be7 8. O-O
O-O 9. h3 Qc7 10. Be3 Nc6 11. Qe2 Bd7 12. g4 Nxd4 13. Bxd4 Bc6 14. Rad1 Rfd8
15. g5 Nd7 16. h4 b5 17. Rfe1 b4 18. Nd5 Bxd5 19. exd5 e5 20. Be3 Rdc8 21. Bh3
Qb7 22. h5 Rc7 23. Bf5 Qb5 24. Qf3 Nf8 25. Qg3 g6 26. hxg6 fxg6 27. Bd3 Qe8 28.
f4 Nd7 29. f5 gxf5 30. Bxf5 Nf8 31. Qh3 Bd8 32. Re2 Rg7 33. Rg2 Rb8 34. Rd3
Rbb7 35. Qh6 e4 36. Rd1 Qe5 37. Be6+ Nxe6 38. Qxe6+ Rbf7 39. Bd4 Qf4 40. Qe8+
Rf8 41. Qe6+ Rff7 {(=)} 42. Bxg7 Qe3+ 43. Kh1 Qf3 44. Qg4 1-0

[Event "OBEM 2016"]
[Site "Germany , Bremen"]
[Date "2016.03.20"]
[Round "2.5"]
[White "Ditmas, Hugh"]
[Black "Brinkmann, Fabian"]
[Result "0-1"]
[WhiteElo "1933"]
[BlackElo "2154"]
[PlyCount "66"]

1. d4 Nf6 2. c4 e6 3. Nf3 b6 4. g3 Ba6 5. Qc2 c5 6. d5 exd5 7. cxd5 Bb7 8. Bg2
Bxd5 9. Nc3 Bc6 10. O-O Be7 11. Rd1 Qc7 12. e4 d6 13. Bf4 Nbd7 14. e5 Nxe5 15.
Nxe5 dxe5 16. Bxe5 Qb7 17. Bxc6+ Qxc6 18. Bxf6 Bxf6 19. Re1+ Kf8 20. Rad1 Rc8
21. Nd5 g6 22. Nxf6 {(=)} Qxf6 23. Rd7 Kg7 24. Rxa7 Rhe8 25. Rd1 Qc6 26. Qc3+
Kg8 27. Qc4 Re6 28. Rad7 Rce8 29. Qd5 Re1+ 30. Kg2 Qf6 31. Rxe1 Rxe1 32. Qf3
Rg1+ 33. Kxg1 Qxf3 0-1

[Event "OBEM 2016"]
[Site "Germany , Bremen"]
[Date "2016.03.20"]
[Round "2.6"]
[White "Sawadkuhi, Massoud Armin"]
[Black "Rieping, Heiner"]
[Result "1-0"]
[WhiteElo "2149"]
[BlackElo "1922"]
[PlyCount "81"]

1. Nc3 d5 2. d4 e6 3. e4 Bb4 4. Nge2 dxe4 5. a3 Be7 6. Nxe4 Nf6 7. N2g3 O-O 8.
Be3 b6 9. Qf3 Nxe4 10. Nxe4 Bb7 11. Nf6+ Bxf6 12. Qxb7 Qd5 13. Qxd5 exd5 14.
O-O-O c6 15. g4 g6 16. h4 Re8 17. g5 Bg7 18. Bh3 Re7 19. Rhe1 Na6 20. c3 Rae8
21. Kd2 Nc7 22. a4 a6 23. Bf1 Ne6 24. Ra1 f5 25. gxf6 Bxf6 26. Bxa6 Bxh4 27.
Bf1 Ng5 28. Bg2 Ne4+ 29. Bxe4 Rxe4 30. b4 h5 31. a5 bxa5 32. bxa5 Ra8 33. a6
Bd8 34. Reb1 Re7 35. Bg5 Rea7 36. Bxd8 Rxd8 37. Rb7 Rda8 38. Rxa7 Rxa7 39. Kc2
h4 40. Kb3 h3 41. Kb4 1-0

[Event "OBEM 2016"]
[Site "Germany , Bremen"]
[Date "2016.03.20"]
[Round "2.7"]
[White "Boehning, Kilian"]
[Black "Beinke, Lukas"]
[Result "1-0"]
[WhiteElo "2141"]
[BlackElo "1886"]
[PlyCount "67"]

1. d4 Nf6 2. Nc3 e6 3. e4 Bb4 4. Bd3 c5 5. dxc5 Qa5 6. Bd2 Qxc5 7. a3 Bxc3 8.
Bxc3 Nc6 9. f4 d5 10. e5 d4 11. Bd2 Nd5 12. b4 Qb6 13. Nh3 Nce7 14. Qf3 Bd7 15.
O-O Bb5 16. Ng5 Bxd3 17. Qxd3 Nf5 18. Rf3 Rc8 19. Rc1 Nc3 20. g4 Ne7 21. f5 h6
22. Ne4 Nxe4 23. Qxe4 Qc6 24. Qd3 Qd5 25. Rcf1 exf5 26. gxf5 Nc6 27. c4 Qd8 28.
Qe4 Qe7 29. Re1 Rg8 30. b5 Nd8 31. Bb4 Qg5+ 32. Rg3 Qh5 33. c5 a5 34. Bxa5 1-0

[Event "OBEM 2016"]
[Site "Germany , Bremen"]
[Date "2016.03.20"]
[Round "2.8"]
[White "Heldt, Nils-Lennart"]
[Black "Peters, Frank"]
[Result "1/2-1/2"]
[WhiteElo "1928"]
[BlackElo "2133"]
[PlyCount "101"]

1. d4 g6 2. c4 Bg7 3. Nf3 d6 4. e4 e5 5. dxe5 dxe5 6. Qxd8+ Kxd8 7. Nc3 c6 8.
Be3 f6 9. Be2 Be6 10. O-O Nd7 11. Rfd1 Kc7 12. Rd2 Bf8 13. Rc1 Bb4 14. a3 Bxc3
15. Rxc3 c5 16. Rcd3 g5 17. Rd6 Re8 18. b4 Nh6 19. bxc5 Nf7 20. R6d3 Nb8 21.
Rb3 Nc6 22. Rdb2 Rb8 23. Rc3 Rhd8 24. h3 h5 25. Ne1 g4 26. h4 Nd4 27. Bd3 Rd7
28. Rc1 Nd8 29. Bxd4 Rxd4 30. Rc3 Nc6 31. Nc2 Rbd8 32. Nxd4 Nxd4 33. a4 a5 34.
Rb6 Nc6 35. Rb5 Nb4 36. Bf1 Rd1 37. Rb6 Nc6 38. Rd3 Rxf1+ 39. Kxf1 Bxc4 40. Ke2
Nb4 41. Rxb4 axb4 42. Kd2 Bxd3 43. Kxd3 Kc6 44. Kc4 b3 45. Kxb3 Kxc5 46. Kc3 b5
47. a5 b4+ 48. Kb3 Kb5 49. a6 Kxa6 50. Kxb4 Kb6 51. Kc4 1/2-1/2

[Event "OBEM 2016"]
[Site "Germany , Bremen"]
[Date "2016.03.20"]
[Round "2.9"]
[White "Hochhuth, Arnd"]
[Black "Balazs, Balint"]
[Result "0-1"]
[WhiteElo "1882"]
[BlackElo "2101"]
[PlyCount "58"]

1. Nf3 d5 2. g3 h5 3. d4 Nc6 4. Bg2 Bg4 5. c3 Qd7 6. Nbd2 O-O-O 7. O-O f6 8.
Nh4 Qe8 9. h3 g5 10. hxg4 gxh4 11. e4 dxe4 12. gxh5 hxg3 13. fxg3 e5 14. Nxe4
exd4 15. Qg4+ Kb8 16. Qg6 Qe5 17. Rf5 Qe6 18. g4 Nce7 19. Ng5 Qxf5 20. Qxf5
Nxf5 21. Nf7 dxc3 22. Nxd8 Bc5+ 23. Kf1 Ngh6 24. Nxb7 Bb6 25. bxc3 Nxg4 26. Be4
Nge3+ 27. Bxe3 Ng3+ 28. Kg2 Nxe4 29. Bxb6 axb6 0-1

[Event "OBEM 2016"]
[Site "Germany , Bremen"]
[Date "2016.03.20"]
[Round "2.10"]
[White "Webner, Dennis"]
[Black "Sausmikat, Armin"]
[Result "1-0"]
[WhiteElo "2067"]
[BlackElo "1879"]
[PlyCount "45"]

1. d4 d5 2. Bf4 Nf6 3. e3 e6 4. Nd2 Be7 5. Ngf3 O-O 6. Ne5 Nbd7 7. Bd3 Re8 8.
Qf3 c5 9. c3 Qb6 10. Rb1 cxd4 11. exd4 Nf8 12. g4 Ng6 13. h4 Nxe5 14. Bxe5 Rf8
15. g5 Ne8 16. Qh5 g6 17. Qh6 f5 18. h5 gxh5 19. Rxh5 Rf7 20. g6 Rg7 21. gxh7+
Kh8 22. Bxg7+ Nxg7 23. Qxg7+ 1-0

[Event "OBEM 2016"]
[Site "Germany , Bremen"]
[Date "2016.03.20"]
[Round "2.11"]
[White "Kuenitz, Bernhard"]
[Black "Pautz, Peter"]
[Result "1/2-1/2"]
[WhiteElo "1877"]
[BlackElo "2066"]
[PlyCount "86"]

1. c4 e5 2. Nc3 Bb4 3. g3 Nf6 4. Bg2 O-O 5. d3 h6 6. Bd2 Re8 7. e4 Bxc3 8. Bxc3
Nc6 9. Ne2 d6 10. O-O Bd7 11. h3 Nh7 12. Kh2 Qe7 13. f4 f6 14. f5 Rab8 15. Bd2
Nd4 16. Nxd4 exd4 17. h4 c5 18. Qg4 Kh8 19. b3 Red8 20. Qf3 Be8 21. g4 b5 22.
Rab1 Bc6 23. Qg3 b4 24. Bf4 Rb6 25. Rfe1 Ba8 26. Re2 Kg8 27. Rbe1 Nf8 28. g5
hxg5 29. hxg5 Nd7 30. gxf6 Nxf6 31. e5 Nh5 32. Qg5 Qxg5 33. Bxg5 Re8 34. Bxa8
Rxa8 35. Kh3 dxe5 36. Rxe5 Rc8 37. Re8+ Rxe8 38. Rxe8+ Kh7 39. Re7 Ra6 40. Kg4
Nf6+ 41. Bxf6 Rxf6 42. Rxa7 Rc6 43. Re7 Kg8 1/2-1/2

[Event "OBEM 2016"]
[Site "Germany , Bremen"]
[Date "2016.03.20"]
[Round "2.12"]
[White "Stieglitz, Dirk"]
[Black "Dietrich, Igor"]
[Result "1-0"]
[WhiteElo "2064"]
[BlackElo "1865"]
[PlyCount "75"]

1. d4 d5 2. c4 c6 3. Nc3 Nf6 4. Nf3 dxc4 5. e4 b5 6. e5 Nd5 7. a4 Bg4 8. axb5
Nxc3 9. bxc3 cxb5 10. g3 e6 11. Bg2 a5 12. O-O Be7 13. h3 Bh5 14. g4 Bg6 15.
Ne1 Ra7 16. f4 h6 17. f5 exf5 18. gxf5 Bh7 19. Qg4 Rg8 20. Nc2 Qb6 21. Be3 b4
22. d5 Bc5 23. Rae1 b3 24. Qxc4 Bxe3+ 25. Nxe3 Rc7 26. Qa4+ Kd8 27. Kh1 Rxc3
28. Nc4 Qb4 29. Qxa5+ Qxa5 30. Nxa5 Nd7 31. e6 fxe6 32. fxe6 Nb8 33. d6 b2 34.
Bd5 Re8 35. Ba2 Rxh3+ 36. Kg2 Ra3 37. Nb7+ Kc8 38. Rf7 1-0

[Event "OBEM 2016"]
[Site "Germany , Bremen"]
[Date "2016.03.20"]
[Round "2.13"]
[White "Bergmann, Reinholt"]
[Black "Buescher, Andre"]
[Result "0-1"]
[WhiteElo "1860"]
[BlackElo "2059"]
[PlyCount "88"]

1. e4 e6 2. d4 d5 3. Nd2 Be7 4. Bd3 c5 5. dxc5 Nf6 6. exd5 Qxd5 7. Ngf3 Qxc5 8.
O-O O-O 9. Qe2 Nbd7 10. Nb3 Qc7 11. Re1 b6 12. Bg5 Bb7 13. Bh4 Nc5 14. Bg3 Bd6
15. Nxc5 Qxc5 16. Bxd6 Qxd6 17. Rad1 Qc7 18. Ne5 Rad8 19. c3 g6 20. Bc2 Nh5 21.
Nd3 Bxg2 22. f3 Bh3 23. Qf2 Bf5 24. Re3 Rd7 25. Qh4 Rfd8 26. Qe1 Qc4 27. Ne5
Rxd1 28. Bxd1 Qxa2 29. Nc6 Rd7 30. Nd4 Qb1 31. Ba4 Qxe1+ 32. Rxe1 Rd6 33. Kf2
Nf4 34. Bb5 Bd3 35. Kg3 g5 36. Bxd3 Nxd3 37. Re2 Nf4 38. Rc2 Kg7 39. Nb5 Rd1
40. Kf2 a6 41. Nc7 a5 42. b4 axb4 43. cxb4 Rb1 44. b5 Nd5 0-1

[Event "OBEM 2016"]
[Site "Germany , Bremen"]
[Date "2016.03.20"]
[Round "2.14"]
[White "Lorenzen, Bjoern"]
[Black "Gebur, Thomas"]
[Result "0-1"]
[WhiteElo "2030"]
[BlackElo "1859"]
[PlyCount "90"]

1. d4 f5 2. Nf3 Nf6 3. c4 g6 4. Nc3 d6 5. g3 Bg7 6. Bg2 O-O 7. O-O c6 8. e3 h6
9. b4 a5 10. b5 Be6 11. Nd2 Bf7 12. Bb2 e5 13. dxe5 dxe5 14. Qe2 e4 15. Rad1
Qc7 16. f3 exf3 17. Nxf3 Re8 18. bxc6 Nxc6 19. Nb5 Qe7 20. Rfe1 Rad8 21. Nfd4
Nxd4 22. Bxd4 Qb4 23. Rc1 Ne4 24. a3 Qe7 25. Qb2 Bxd4 26. exd4 Qg5 27. c5 h5
28. Bxe4 fxe4 29. Nd6 Re7 30. Rc3 Bd5 31. Rce3 Rf8 32. Qb6 Re6 33. Qxa5 h4 34.
Qd2 hxg3 35. hxg3 Ref6 36. Qg2 Rf3 37. Rxf3 Rxf3 38. Kh2 Qh6+ 39. Kg1 Qg5 40.
Kh2 Qh5+ 41. Kg1 {(=)} e3 42. g4 Qg5 43. Rf1 Rxf1+ 44. Qxf1 Qxg4+ 45. Kh2 Qh4+
0-1

[Event "OBEM 2016"]
[Site "Germany , Bremen"]
[Date "2016.03.20"]
[Round "2.15"]
[White "Boehm, Karl"]
[Black "Mueller, Wolfgang"]
[Result "0-1"]
[WhiteElo "1852"]
[BlackElo "2018"]
[PlyCount "44"]

1. d4 e6 2. c4 d5 3. Nc3 Nf6 4. e3 Nbd7 5. Nf3 c6 6. a3 a5 7. b3 Bd6 8. Bd3 O-O
9. O-O Qe7 10. Bb2 e5 11. dxe5 Nxe5 12. Nxe5 Qxe5 13. g3 Bg4 14. Qd2 Qh5 15.
Be2 Rfe8 16. cxd5 Bxe2 17. Qxe2 Ng4 18. f4 Rxe3 19. Qd2 Bc5 20. Kh1 Rxg3 21.
Ne4 Rh3 22. Nxc5 Rxh2+ 0-1

[Event "OBEM 2016"]
[Site "Germany , Bremen"]
[Date "2016.03.20"]
[Round "2.16"]
[White "Rosin, Julius"]
[Black "Klemm, Robert"]
[Result "1-0"]
[WhiteElo "1996"]
[BlackElo "1852"]
[PlyCount "57"]

1. d4 Nf6 2. Nf3 g6 3. Bf4 Bg7 4. Nbd2 d6 5. e4 c6 6. c3 O-O 7. Bc4 b5 8. Bb3
Nbd7 9. O-O Nh5 10. Be3 e5 11. a4 a6 12. g3 Kh8 13. Qe2 Qe8 14. dxe5 dxe5 15.
axb5 cxb5 16. Bd5 Rb8 17. Ba7 Rb7 18. Rxa6 Rc7 19. Ra5 b4 20. cxb4 f5 21. Nc4
Qe7 22. b5 Nhf6 23. b6 Rb7 24. exf5 Nxd5 25. Rxd5 Rxf5 26. Nd6 Nxb6 27. Bxb6
Be6 28. Nxf5 gxf5 29. Rd8+ 1-0

[Event "OBEM 2016"]
[Site "Germany , Bremen"]
[Date "2016.03.20"]
[Round "2.17"]
[White "Traetmar, Mattis"]
[Black "Michael, Janfried"]
[Result "0-1"]
[WhiteElo "1848"]
[BlackElo "1995"]
[PlyCount "88"]

1. e4 d5 2. exd5 Nf6 3. d4 Nxd5 4. c4 Nb6 5. Be3 Bf5 6. Nf3 e6 7. Be2 Be7 8.
O-O O-O 9. Nc3 c6 10. Qd2 N8d7 11. Rfd1 Bf6 12. b4 Qe7 13. c5 Nd5 14. b5 Nxe3
15. fxe3 Rfd8 16. e4 Bg6 17. Qe3 e5 18. d5 Qxc5 19. Qxc5 Nxc5 20. dxc6 bxc6 21.
bxc6 Rdc8 22. Bc4 Nxe4 23. Na4 Rab8 24. Rab1 Rxb1 25. Rxb1 Nd6 26. Rc1 Nxc4 27.
Rxc4 Bd3 28. Rc5 e4 29. Ne5 Bxe5 30. Rxe5 Kf8 31. Nc5 f6 32. Re6 f5 33. a4 Bc4
34. Nd7+ Kf7 35. Rd6 Ke7 36. Rd4 Ba6 37. Ne5 Ke6 38. Nd7 Rxc6 39. Nf8+ Ke5 40.
Rd7 Kf4 41. h3 g5 42. Kh2 h5 43. Re7 Bc8 44. Nh7 g4 0-1

[Event "OBEM 2016"]
[Site "Germany , Bremen"]
[Date "2016.03.20"]
[Round "2.19"]
[White "Nancheva, Doroteya"]
[Black "Steingraeber, Kai Uwe"]
[Result "1/2-1/2"]
[WhiteElo "1796"]
[BlackElo "2147"]
[PlyCount "43"]

1. e4 c5 2. Nf3 e6 3. d4 cxd4 4. Nxd4 Nc6 5. Nc3 Qc7 6. Be2 Nf6 7. Be3 Be7 8.
O-O O-O 9. a4 a6 10. Kh1 d6 11. f4 Bd7 12. Bf3 Rfe8 13. Qd2 Rac8 14. Qf2 Nxd4
15. Bxd4 e5 16. Bb6 Qc6 17. f5 Qc4 18. Qe3 Bc6 19. b3 Qb4 20. Na2 Qa3 21. Nc3
Qb4 22. Na2 1/2-1/2

[Event "OBEM 2016"]
[Site "Germany , Bremen"]
[Date "2016.03.20"]
[Round "2.20"]
[White "Kardoeus, David"]
[Black "Bilau, Max"]
[Result "1-0"]
[WhiteElo "2110"]
[BlackElo "1511"]
[PlyCount "39"]

1. e4 e6 2. d4 c5 3. d5 exd5 4. exd5 d6 5. Nc3 Nf6 6. Nf3 Bg4 7. Be2 Be7 8. O-O
O-O 9. Nd2 Bxe2 10. Qxe2 Re8 11. Nc4 a6 12. a4 Nbd7 13. a5 b5 14. axb6 Nxb6 15.
Nxb6 Qxb6 16. Ra4 Qb7 17. b3 Nxd5 18. Qf3 Bh4 19. Nxd5 Qb8 20. Rxh4 1-0

[Event "OBEM 2016"]
[Site "Germany , Bremen"]
[Date "2016.03.20"]
[Round "2.21"]
[White "Buhrdorf, Axel"]
[Black "Kohlscheen, Jens"]
[Result "1/2-1/2"]
[WhiteElo "1974"]
[BlackElo "1620"]
[PlyCount "26"]

1. e4 e5 2. Nf3 Nf6 3. Nc3 Nc6 4. a3 Bc5 5. Be2 O-O 6. d3 h6 7. Be3 Be7 8. h3
d5 9. exd5 Nxd5 10. Qd2 Nxe3 11. Qxe3 Nd4 12. O-O-O Nxf3 13. Qxf3 Qd4 1/2-1/2

[Event "OBEM 2016"]
[Site "Germany , Bremen"]
[Date "2016.03.20"]
[Round "2.22"]
[White "Grieme, Jens"]
[Black "Schwenke, Stefan"]
[Result "1-0"]
[WhiteElo "1921"]
[BlackElo "1714"]
[PlyCount "153"]

1. e4 e5 2. Nf3 Nc6 3. Bb5 d6 4. d4 Bd7 5. O-O g6 6. Re1 Bg7 7. c3 a6 8. Ba4
Nge7 9. dxe5 dxe5 10. Nbd2 O-O 11. Nf1 b5 12. Bb3 Bg4 13. Qe2 Nc8 14. h3 Bxf3
15. Qxf3 Qf6 16. Qxf6 Bxf6 17. Be3 Rd8 18. Red1 N8e7 19. Bc5 Rxd1 20. Rxd1 Rd8
21. Ne3 Rxd1+ 22. Bxd1 Bg5 23. Kf1 f5 24. Bb3+ Kg7 25. Nd5 Nxd5 26. Bxd5 Nd8
27. a4 c6 28. axb5 axb5 29. Ba2 Nb7 30. Bb6 Kf6 31. f3 fxe4 32. fxe4 Ke7 33.
Ke2 h6 34. Kd3 Bf6 35. c4 bxc4+ 36. Bxc4 Kd6 37. b3 Nc5+ 38. Ke3 Ne6 39. Bxe6
Kxe6 40. Ba5 Be7 41. Kd3 Bc5 42. Kc4 Be3 43. Bb4 Kd7 44. Bc5 Bg5 45. g4 Ke6 46.
Bf2 Be7 47. Be1 Bg5 48. h4 Be3 49. h5 gxh5 50. gxh5 Bg5 51. Bf2 Kd7 52. Bc5 Bc1
53. Bf8 Bg5 54. Bg7 Kd6 55. Kd3 Ke6 56. Ke2 Bf4 57. Kd3 Kd6 58. Bf8+ Kd7 59.
Kc4 Bg5 60. Kb4 Bd2+ 61. Ka4 Kc7 62. Bc5 Kd7 63. Bb4 Be3 64. Ka5 c5 65. Be1 Ke6
66. Kb5 Kd6 67. Bh4 Ke6 68. Kc6 Bd4 69. Bd8 Be3 70. Bb6 Kf6 71. Bxc5 Bd2 72. b4
Kg5 73. b5 Ba5 74. b6 Bxb6 75. Bxb6 Kxh5 76. Kd5 Kg6 77. Kxe5 1-0

[Event "OBEM 2016"]
[Site "Germany , Bremen"]
[Date "2016.03.20"]
[Round "2.23"]
[White "Seliskar, Henryk"]
[Black "Hoffer, Hayo"]
[Result "0-1"]
[WhiteElo "1540"]
[BlackElo "1847"]
[PlyCount "62"]

1. c4 Nf6 2. Nc3 e6 3. Nf3 d5 4. cxd5 exd5 5. g3 c6 6. d4 Bf5 7. Bg2 Bd6 8. O-O
O-O 9. Re1 Re8 10. Bg5 Nbd7 11. Nh4 Be6 12. e4 dxe4 13. Nxe4 Bb4 14. Nc3 h6 15.
Be3 Nd5 16. Bxd5 Bxd5 17. a3 Be7 18. Nxd5 Bxh4 19. gxh4 cxd5 20. Qg4 Re4 21. f4
Rc8 22. Re2 Qe7 23. Rae1 Re8 24. Kf2 Nf6 25. Qg3 Re6 26. Kf3 Ne4 27. Qh3 Qf6
28. Rg1 Kh8 29. Reg2 Ng5+ 30. hxg5 Rxe3+ 31. Kf2 Qxf4+ 0-1

[Event "OBEM 2016"]
[Site "Germany , Bremen"]
[Date "2016.03.20"]
[Round "2.24"]
[White "Hentrop, Malte"]
[Black "Laubrock, Sophia"]
[Result "1/2-1/2"]
[WhiteElo "1847"]
[BlackElo "1550"]
[PlyCount "76"]

1. d4 Nf6 2. c4 e6 3. Nc3 Bb4 4. a3 Bxc3+ 5. bxc3 O-O 6. Nf3 d6 7. Qc2 c5 8. e4
Re8 9. Be2 b6 10. O-O Bb7 11. e5 dxe5 12. Nxe5 Nc6 13. Bf3 Qc7 14. Bxc6 Bxc6
15. Nxc6 Qxc6 16. Bf4 Red8 17. Rfe1 Rd7 18. a4 Rad8 19. Be3 Ng4 20. a5 e5 21.
d5 Qb7 22. Rab1 Qa6 23. Rb5 Re8 24. axb6 axb6 25. Qb3 Rd6 26. Rb1 e4 27. Rxb6
Rxb6 28. Qxb6 Qxc4 29. Qxc5 Nxe3 30. Qxe3 Qxd5 31. Qd4 Qxd4 {(=)} 32. cxd4 Rd8
33. Kf1 f5 34. Rd1 Kf7 35. Ke2 f4 36. f3 e3 37. g3 g5 38. gxf4 gxf4 1/2-1/2

[Event "OBEM 2016"]
[Site "Germany , Bremen"]
[Date "2016.03.20"]
[Round "2.25"]
[White "Rose, Helmut"]
[Black "Sommer, Andreas"]
[Result "0-1"]
[WhiteElo "1511"]
[BlackElo "1821"]
[PlyCount "80"]

1. d4 d5 2. c4 c6 3. Nc3 Nf6 4. Bg5 dxc4 5. e4 b5 6. e5 Nd5 7. Nf3 h6 8. Bd2
Na6 9. a3 Nac7 10. Be2 Bf5 11. O-O e6 12. b3 Nxc3 13. Bxc3 Nd5 14. Bb2 c3 15.
Bc1 a5 16. Ne1 Be7 17. Nc2 Bxc2 18. Qxc2 O-O 19. Kh1 f5 20. Bf3 b4 21. a4 Bg5
22. Bxg5 Qxg5 23. Rad1 Rad8 24. g3 f4 25. h4 Qf5 26. Qxf5 Rxf5 27. Bg4 Rff8 28.
Bxe6+ Kh8 29. g4 g5 30. hxg5 hxg5 31. Kg2 Kg7 32. Rh1 f3+ 33. Kg3 Nf4 34. Bc4
Ne2+ 35. Bxe2 fxe2 36. Rde1 Rxd4 37. Rxe2 Rd3+ 38. Kh2 Rh8+ 39. Kg2 Rxh1 40.
Kxh1 Rd2 0-1